000 00381nam a22001217a 4500
082 _a005.113
_bDOE
_cL-2, P-145
245 _aApplied Discrete Structures for Computer Science
_cDoerr, Alan
260 _aNew Delhi
_bGalgotia Publicatios Pvt Ltd
_c1989
300 _axv, 523 p. :
_bill. ;
_c22 cm.
526 _a0
_b0
_c0
_d005_113000000000000_DOE
650 _aMCE
_9379
942 _2ddc
_cBK
999 _c541634
_d541634